000 00689nam a2200253Ia 4500
003 OSt
005 20220918204905.0
006 a|||||r|||| 00| 0
007 ta
008 220917b |||||||| |||| 00| 0 eng d
024 _a114,551
037 _cTextual
040 _aARTS
_cARTS
_beng
041 _2eng
_aeng
082 _aV563.71.G1, L5
100 _aMackie Euan W
_9113433
245 0 _aScotland
_b An archeological guide
260 _aPark
_bRidge Noyes Press
_c1975
300 _a309p.
_ccm.
500 _aBibliography p287-292; Glossary p293-300
650 _aHISTORY
942 _hV563.71.G1, L5
_cTEXL
_2CC
999 _c237881
_d237881